| 000 | 01171cam a22003377a 4500 | ||
|---|---|---|---|
| 001 | 14706364 | ||
| 003 | OSt | ||
| 005 | 20180116192418.0 | ||
| 008 | 070122s2007 nyua b 001 0 eng | ||
| 010 | _a 2007921449 | ||
| 015 |
_aGBA751237 _2bnb |
||
| 016 | 7 |
_a013783829 _2Uk |
|
| 020 | _a9780500513750 (hbk.) | ||
| 020 | _a0500513759 (hbk.) | ||
| 035 | _a(OCoLC)ocn153555771 | ||
| 040 |
_aUKM _cUKM _dBTCTA _dBAKER _dYDXCP _dZQP _dTXA _dSUC _dDLC |
||
| 042 | _alccopycat | ||
| 050 | 0 | 0 |
_aTS183 _b.T47 2007 |
| 082 | 0 | 4 |
_a670 _222 |
| 100 | 1 |
_aThompson, Rob _c(Designer) _96980 |
|
| 245 | 1 | 0 |
_aManufacturing processes for design professionals / _cRob Thompson. |
| 260 |
_aNew York : _bThames & Hudson, _cc2007. |
||
| 300 |
_a528 p. : _bcol. ill. ; _c29 cm. |
||
| 500 | _aIncludes bibliographical references (p. 516-518) and index. | ||
| 650 | 0 |
_aManufacturing processes. _96981 |
|
| 650 | 0 |
_aIndustrial design. _96982 |
|
| 906 |
_a7 _bcbc _ccopycat _d2 _encip _f20 _gy-gencatlg |
||
| 942 |
_2ddc _cBK |
||
| 999 |
_c353801 _d353801 |
||